African Animals - Statistics

General Stats
  • This quiz has been taken 58 times
  • The average score is 7 of 16
Answer Stats
Picture Answer % Correct
Zebra
94%
Giraffe
77%
Hippopotamus
74%
African Lion
66%
Ostrich
63%
Baboon
57%
Warthog
51%
Wildebeest
49%
Coyote
40%
African Penguin
31%
Cape Buffalo
31%
Spinosaurus
23%
African Bush Elephant
20%
Turkey Vulture
17%
Kentrosaurus
11%
Carcharodontosaurus
9%
No matching quizzes found
Score Distribution
Percent of People with Each Score
Percentile by Number Answered
Your Score History
You have not taken this quiz